000 00384pab a2200157 454500
008 180718b2012 xxu||||| |||| 00| 0 eng d
100 _aBailur, Savita
245 _aWho is the community in community radio?
260 _c2012
300 _ap.92-99.
362 _a28 Apr
650 _aPress,Local press
773 _aEconomic and Political Weekly
908 _aN
909 _a95767
999 _c95767
_d95767